Statistics for Marvel's Iron Man 2 Characters Quiz

Click here to take the quiz!

General Stats

  • This quiz has been taken 201 times
  • The average score is 6 of 7

Answer Stats

Actor/ActressDescriptionCharacter% Correct
Robert Downey Jr.A billionaire who escaped captivity in Afghanistan with a suit of armor he created, he now struggles to keep his technology out of the government's handsTony Stark / Iron Man
100%
Gwyneth PaltrowStark's closest friend, budding love interest, and business partner; she is promoted to CEO of Stark IndustriesPepper Potts
95%
Samuel L. JacksonDirector of S.H.I.E.L.D.Nick Fury
91%
Scarlett JohanssonAn undercover spy for S.H.I.E.L.D. posing as Stark's new assistantNatalie Rushman / Natasha Romanoff
90%
Sam RockwellA rival weapons manufacturerJustin Hammer
67%
Don CheadleAn officer in the U.S. Air Force and Tony Stark's close personal friendJames "Rhodey" Rhodes
56%
Mickey RourkeA Russian physicist and ex-convict who builds his own arc reactor-based weapon to exact vengeance on the Stark familyIvan Vanko
53%

Score Distribution

Percentile by Number Answered

Percent of People with Each Score

Your Score History

You have not taken this quiz